LEADER 00750nam0-22002771i-450- 001 990001079180403321 035 $a000107918 035 $aFED01000107918 035 $a(Aleph)000107918FED01 035 $a000107918 100 $a20000920d1957----km-y0itay50------ba 101 0 $aeng 200 1 $a101 Puzzles in Thought and Logic$fC.R. Wylie Jr. 210 $aNew York$cDover$d1957 215 $a1 v. (varie sequenze)$cill.$d20 cm 610 0 $aMiscellanea 676 $a082 700 1$aWylie,$bClarence Raymond$051350 801 0$aIT$bUNINA$gRICA$2UNIMARC 901 $aBK 912 $a990001079180403321 952 $a41-007$b929$fFI1 959 $aFI1 996 $a101 Puzzles in Thought and Logic$9336013 997 $aUNINA DB $aING01 LEADER 01215nam--2200397---450 001 990001552660203316 005 20210331102817.0 010 $a88-06-51722-8 035 $a000155266 035 $aUSA01000155266 035 $a(ALEPH)000155266USA01 035 $a000155266 100 $a20040401d1981----km-y0ITAy0103-------ba 101 1 $aita 102 $aIT 200 1 $aFare storia$fa cura di Jacques Le Goff e Pierre Nora$g[traduzione di Isolina Marini] 210 $aTorino$cEinaudi$d1981 215 $aXII, 258 p.$d18 cm 225 1 $aPiccola biblioteca Einaudi$v410 312 $aFaire de l'Histoire 410 $12001$aPiccola biblioteca Einaudi$h410$iGeografia. Storia 454 $1001000155273$aFaire de l'Histoire 606 $aStoriografia$yFrancia 676 $a901 702 1$aLE GOFF,$bJacques$f<1924-2014 > 702 1$aNORA,$bPierre 801 0$aIT$bsalbc$gISBD 912 $a990001552660203316 951 $aX.3.B. 74a (Varie coll. 254/410)$b1964 L.M.$cX.3.B. 951 $aX.3.B. 74 (Varie coll. 11/40)$b119556 L.M.$cX.3.B. 951 $aFC M 1982$bDLM$cFC M 959 $aBK 969 $aUMA 969 $aDILAM 996 $aFaire de l'Histoire$955294 997 $aUNISA